000 00628nam a2200277Ia 4500
005 20260324143241.0
008 008 260324s9999 xx 000 0 eng d
020 _a9780429441110
037 _aEBOOK
040 _aCRL
040 _beng
040 _cCRL
041 _2eng
041 _aeng
084 _qCRL
100 _aRoger Tagg; June Mabon
_91214958
245 0 _aObject Management
260 _bTaylor and Francis
260 _c1992
365 _a
365 _b150
856 _uhttp://www.taylorfrancis.com/books/9780429441110
942 _cEBOOK
999 _c1820107
_d1820107